International Seminaron Integrating Indian Knowledge System with Modern Education/ (Record no. 213943)

MARC details
000 -LEADER
fixed length control field 00818nam a22002297a 4500
005 - DATE AND TIME OF LATEST TRANSACTION
control field 20251216145517.0
010 ## - LCCN (DPL NO)
LC control number ENG-147309
020 ## - INTERNATIONAL STANDARD BOOK NUMBER
International Standard Book Number 9788198436900
Terms of availability 499.00
035 ## - SYSTEM CONTROL NUMBER
System control number EN-130841
037 ## - SOURCE OF ACQUISITION
Source of stock number/acquisition DBAD
082 ## - DEWEY DECIMAL CLASSIFICATION NUMBER
Classification number 371.2
Edition number 1
100 ## - MAIN ENTRY--PERSONAL NAME
Personal name Srivastava, Swati
245 ## - TITLE STATEMENT
Title International Seminaron Integrating Indian Knowledge System with Modern Education/
Statement of responsibility, etc Swati Srivastava; Divya Sharma [and] Roli Tiwari
250 ## - EDITION STATEMENT
Edition statement 1
260 ## - PUBLICATION, DISTRIBUTION, ETC. (IMPRINT)
Place of publication, distribution, etc Chhattisgrah
Name of publisher, distributor, etc Aditi Publication
Date of publication, distribution, etc 2025
270 ## - ADDRESS
Address Aditi Publication Opp.New Panchajanya Vidya Mandir, Near Tiranga Chowk, Kushalpur,Raipur, Chhattisgrah,INDIA
City Raipur
Telephone number +91 9425210308
300 ## - PHYSICAL DESCRIPTION
Extent 248p.
Dimensions 20(pb)
700 ## - ADDED ENTRY--PERSONAL NAME
Personal name Sharma, Divya
9 (RLIN) 86112
700 ## - ADDED ENTRY--PERSONAL NAME
Personal name Tiwari, Roli
9 (RLIN) 86113
760 ## - MAIN SERIES ENTRY
Edition 1
942 ## - ADDED ENTRY ELEMENTS (KOHA)
Source of classification or shelving scheme Dewey Decimal Classification
Item type English Books
Classification part 371.2
Call number suffix INT
Edition 1
Holdings
Withdrawn status Lost status Not for loan Collection code Home library Current library Date acquired Source of acquisition Cost, normal purchase price Full call number Barcode Copy number Cost, replacement price Koha item type
      Non-fiction Sarojini Nagar Sarojini Nagar 16/12/2025 Delivery of Books Act Division 499.00 371.2 INT EN-130841 1 499.00 English Books

© Delhi Public Library
Hit Counter
free hit counter